000 00512nam a2200181 4500
003 LK-CoDNM
005 20240201154327.0
008 240201b |||||||| |||| 00| 0 eng d
020 _a9552070147
040 _aLK-CoDNM
_dLK-CoDNM
_eLK-CoDNM
041 _asin
080 _a398
_bDIS
100 _aදිසානායක,මුදියන්සේ
245 _aකිල්ල සහ කොටහළුව
260 _aColombo
_bS.Godage Saha Sahodarayo
_c2022
300 _a318p.,21cm
942 _n0
_cBK
999 _c144778
_d144778